Länder Asiens nach Fläche (mit Karte) - Statistiken

Allgemein
  • Dieses Quiz wurde 27 mal gespielt
  • Das Durchschnittsergebnis liegt bei 34 aus 49
Antworten auf der Karte
Die Antworten werden auf der Karte rot bzw. grün angezeigt, abhängig davon wie oft sie richtig erraten wurden.
 
Antwortstatistiken
Fläche Land % Korrekt
9'596'960 km² China
100%
3'287'263 km² Indien
100%
1'904'569 km² Indonesien
100%
1'648'195 km² Iran
100%
2'724'900 km² Kasachstan
100%
1'564'116 km² Mongolei
100%
17'098'242 km² Russland
100%
2'149'690 km² Saudi-Arabien
100%
796'095 km² Pakistan
75%
783'562 km² Türkei
75%
652'230 km² Afghanistan
71%
438'317 km² Irak
71%
377'975 km² Japan
71%
527'968 km² Jemen
71%
330'803 km² Malaysia
71%
676'578 km² Myanmar
71%
309'500 km² Oman
71%
719 km² Singapur
71%
513'120 km² Thailand
71%
488'100 km² Turkmenistan
71%
447'400 km² Usbekistan
71%
331'210 km² Vietnam
71%
760 km² Bahrain
67%
236'800 km² Laos
67%
300'000 km² Philippinen
67%
187'437 km² Syrien
67%
5'765 km² Brunei
63%
181'035 km² Kambodscha
63%
11'586 km² Katar
63%
17'818 km² Kuwait
63%
298 km² Malediven
63%
147'181 km² Nepal
63%
120'538 km² Nordkorea
63%
9'251 km² Zypern
63%
29'743 km² Armenien
58%
148'460 km² Bangladesch
58%
38'394 km² Bhutan
58%
21'937 km² Israel
58%
10'400 km² Libanon
58%
14'874 km² Osttimor
58%
65'610 km² Sri Lanka
58%
99'720 km² Südkorea
58%
144'100 km² Tadschikistan
58%
83'600 km² Vereinigte Arabische Emirate
58%
86'600 km² Aserbaidschan
54%
69'700 km² Georgien
54%
89'342 km² Jordanien
54%
199'951 km² Kirgistan
50%
1'001'450 km² Ägypten
17%
Keine übereinstimmenden Quizze gefunden
Verteilung der Resultate
Anzahl Personen mit jedem Resultat
Perzentil nach korrekt beantworteten Fragen
Ihre Resultats-Entwicklung
Sie haben dieses Quiz noch nicht gespielt